000 00640nam a2200277Ia 4500
005 20260324151036.0
008 008 260324s9999 xx 000 0 eng d
020 _a9780429462597
037 _aEBOOK
040 _aCRL
040 _beng
040 _cCRL
041 _2eng
041 _aeng
084 _qCRL
100 _aL.E. Neame
_91228517
245 4 _aThe Asiatic Danger in the Colonies (1907)
260 _bTaylor and Francis
260 _c1907
365 _a
365 _b180
856 _uhttp://www.taylorfrancis.com/books/9780429462597
942 _cEBOOK
999 _c1838972
_d1838972